000
00262nam a2200121Ia 4500
008
190216s9999||||xx |||||||||||||| ||und||
100
_a
Shoukath
245
0
_a
Hindi-Nilopher
260
_b
Pragathi Prakashan
300
_a
167
650
_a
Hindi
942
_c
BK
999
_c
16396
_d
16396